Thomas Schütte : Krefeld Pavillon /

Something is missing in the Kaiserpark in Krefeld. But what? Only one thing is certain: There is definitely no lack of artistic excellence. As early as 2019, Thomas Schu?tte, known for his architectural models, had already built his Krefeld Pavilion there, designed precisely for this location. The w...

Full description

Bibliographic Details
Other Authors: Lange, Christiane (Editor), Heynen, Julian (Editor), Schütte, Thomas, 1954-
Format: Book
Language:German
English
Language Notes:Parallel text in German and English.
Published: Berlin : HATJE CANTZ, [2020]
Subjects:

MARC

Tag First Indicator Second Indicator Subfields
LEADER 00000cam a2200000Ii 4500
001 in00004396456
008 200930t20202020gw ac c 000 0 ger d
005 20250318213230.4
020 |a 9783775748445 
020 |a 377574844X 
035 |a (OCoLC)on1198218595 
035 |a (OCoLC)1198218595 
040 |a YDX  |b eng  |e rda  |c YDX  |d ERASA  |d OHX  |d JPG  |d OCLCO  |d JPG  |d OCLCF  |d CGU 
041 0 |a ger  |a eng 
050 1 4 |a N6888.S4144  |b A4 2020 
082 0 4 |a 724.6 
245 0 0 |a Thomas Schütte :  |b Krefeld Pavillon /  |c Herausgeber, Christiane Lange, Julian Heynen. 
246 3 0 |a Krefeld Pavillon 
264 1 |a Berlin :  |b HATJE CANTZ,  |c [2020] 
264 4 |c ©2020 
300 |a 113 pages :  |b color illustrations, portraits ;  |c 23 cm 
336 |a text  |b txt  |2 rdacontent 
336 |a still image  |b sti  |2 rdacontent 
337 |a unmediated  |b n  |2 rdamedia 
338 |a volume  |b nc  |2 rdacarrier 
500 |a Limited edition of 110 copies. 
500 |a Catalog of an exhibition held at Krefeld Pavillon, June 7-September 13, 2020. 
520 8 |a Something is missing in the Kaiserpark in Krefeld. But what? Only one thing is certain: There is definitely no lack of artistic excellence. As early as 2019, Thomas Schu?tte, known for his architectural models, had already built his Krefeld Pavilion there, designed precisely for this location. The wooden building, with a diameter of fifteen meters and a curved copper roof, housed the exhibition of the Projekt MIK initiative, which marked the 100th anniversary of the Bauhaus by exploring its close links to the silk industry. Now, Thomas Schu?tte himself has designed an exhibition for this space: a carefully chosen and staged cross-section of his work over the last five decades. The exhibition and its architectural space combine to form an impressive total work of art.00Exhibition: Krefeld Pavillon, Germany (07.07. - 13.09.2020). 
546 |a Parallel text in German and English. 
600 1 0 |a Schütte, Thomas,  |d 1954-  |v Exhibitions. 
600 1 7 |a Schütte, Thomas,  |d 1954-  |2 fast  |0 (OCoLC)fst00281671 
655 7 |a Exhibition catalogs.  |2 fast  |0 (OCoLC)fst01424028 
700 1 |a Lange, Christiane,  |e editor. 
700 1 |a Heynen, Julian,  |e editor. 
700 1 2 |a Schütte, Thomas,  |d 1954-  |t Works.  |k Selections. 
710 2 |a Krefeld Pavillon (Krefeld, Germany),  |e host institution. 
852 8 |b pda,print  |z This title is available for the library to purchase for your use. Click the "Purchase It For Me" button to place a request. This item may take 5-10 business days to arrive. 
955 |a Print PDA title 
999 f f |s 17e11739-83f6-4199-923f-cd671947486c  |i 16a34574-d222-3296-87e8-e0752c1809b7  |t 0 
952 f f |a Texas A&M University  |b College Station  |c Sterling C. Evans Library  |d Purchase on Demand  |t 0  |e N6888.S4144 A4 2020  |h Library of Congress classification 
998 f f |a N6888.S4144 A4 2020  |t 0  |l Purchase on Demand